UBT Library

Medical assisting : (Record no. 40811)

000 -LEADER
fixed length control field 00884cam a22003134a 4500
001 - CONTROL NUMBER
control field 15973816
005 - DATE AND TIME OF LATEST TRANSACTION
control field 20180124032259.0
008 - FIXED-LENGTH DATA ELEMENTS--GENERAL INFORMATION
fixed length control field 091104s2011 nyua 001 0 eng
010 ## - LIBRARY OF CONGRESS CONTROL NUMBER
LC control number 2009046694
016 7# - NATIONAL BIBLIOGRAPHIC AGENCY CONTROL NUMBER
Record control number 101518815
Source DNLM
020 ## - INTERNATIONAL STANDARD BOOK NUMBER
International Standard Book Number 9780073374543
020 ## - INTERNATIONAL STANDARD BOOK NUMBER
International Standard Book Number 0073374547
020 ## - INTERNATIONAL STANDARD BOOK NUMBER
International Standard Book Number 0077399978
020 ## - INTERNATIONAL STANDARD BOOK NUMBER
International Standard Book Number 9780077399979
020 ## - INTERNATIONAL STANDARD BOOK NUMBER
International Standard Book Number 0077406486
020 ## - INTERNATIONAL STANDARD BOOK NUMBER
International Standard Book Number 9780077406486
035 ## - SYSTEM CONTROL NUMBER
System control number (OCoLC)ocn463631956
040 ## - CATALOGING SOURCE
Original cataloging agency DNLM/DLC
Transcribing agency DLC
Modifying agency NLM
-- C#P
-- DLC
041 ## - LANGUAGE CODE
Language code of text/sound track or separate title eng
042 ## - AUTHENTICATION CODE
Authentication code pcc
080 ## - UNIVERSAL DECIMAL CLASSIFICATION NUMBER
Universal Decimal Classification number 610.7372069 BOO
082 00 - DEWEY DECIMAL CLASSIFICATION NUMBER
Classification number 610.7372069 BOO
Edition number 22
100 ## - Rafti
Rafti 3
101 ## - Shkurtesa
Shkurtesa SHM
245 00 - TITLE STATEMENT
Title Medical assisting :
906 ## - LOCAL DATA ELEMENT F, LDF (RLIN)
a 7
b cbc
c orignew
d 1
e ecip
f 20
g y-gencatlg
942 ## - ADDED ENTRY ELEMENTS (KOHA)
Source of classification or shelving scheme
Item type Books
Holdings
Withdrawn status Lost status Source of classification or shelving scheme Damaged status Not for loan Collection code Permanent location Current location Shelving location Date acquired Total Checkouts Full call number Barcode Date last seen Price effective from Koha item type
          Koleksioni i përgjithshem UBT - Lipjan UBT - Lipjan Koleksioni i përgjithshem 01/24/2018   610.7372069 BOO 002-2996345 01/24/2018 01/24/2018 Books
UBT Library © 2015-2024. All rights reserved University Education for Business and Technology